000 00533nmm a2200193Ia 4500
008 251105s9999||||xx |||||||||||||||||und||
020 _a9788433969217
041 _aspa
100 _aZulaika, Jaime
245 0 _aEl adversario
264 _a[Madrid, España] :
_bEditorial Anagrama,
_c2012
300 _a176 páginas
490 _aPanorama de narrativas
650 _aFrench narrative
700 _aZulaika, Jaime
700 1 _a Carrére, Emmanuel
856 _uhttps://public.digitaliapublishing.com/a/33111
942 _cCF
999 _c72853
_d72853